| 000 | 01429nam a2200205Ia 4500 | ||
|---|---|---|---|
| 008 | 220216s9999 xx 000 0 und d | ||
| 100 | _aVeeralakshmanan B | ||
| 245 | 0 | _aChlorination of liquid natural rubber | |
| 260 |
_bIndian Journal of Natural Rubber Research _c1995 |
||
| 300 | _a85-90 | ||
| 520 | _aNatural rubber (NR) on chlorination turns into a white thermoplastic material which is widely used by the paint and lacquer industries taking advantage of its improved ageing properties, flame retardance, adhesion to various substrates etc. A major impediment in the manufacture of chlorinated natural rubber is the gel content of raw NR which makes preparation of solution difficult. In this study this problem has been solved to a great extent by using depolymerised liquid natural rubber (LNR). Substantially higher amounts (upto 20;) of LNR could be dissolved in carbontetrachloride to obtain a liquid mass that could be stirred and homogenized during the course of chlorination. This has resulted in manifold increase in the output compared to conventional method of chlorination of NR solution. Prperties of the product have been found comparable with chlorinated rubber prepared from raw NR. | ||
| 650 | _aChlorination | ||
| 650 | _aDepolymerisation | ||
| 650 | _aLiquid natural rubber | ||
| 650 | _aNatural rubber | ||
| 700 | _aMathew N M | ||
| 700 | _aNair N R | ||
| 700 | _aSasimohan A L | ||
| 942 | _cJS | ||
| 999 |
_c55571 _d55571 |
||